[Event "Bucharest Grand Prix op"]
[Site "Bucharest"]
[Date "2024.03.24"]
[Round "8"]
[White "Korobov, Anton"]
[Black "Secheres, Adrian Simion"]
[Result "1-0"]
[WhiteElo "2662"]
[BlackElo "2371"]
[PlyCount "69"]
[EventDate "2024.03.23"]
[EventType "swiss (rapid)"]
[EventRounds "10"]
[EventCountry "ROU"]
[SourceTitle "CB13_2024"]
[SourceDate "2024.03.27"]
[SourceVersion "1"]
[SourceVersionDate "2024.03.27"]
[SourceQuality "1"]

1. c4 g6 2. d4 Nf6 3. Nc3 Bg7 4. e4 d6 5. Be2 0-0 6. Bg5 c5 7. d5 h6 8. Be3 e6 9. Nf3 exd5 10. cxd5 Re8 11. Nd2 a6 12. a4 Nbd7 13. h3 Rb8 14. 0-0 Qe7 15. Qc2 Nh5 16. Bxh5 gxh5 17. a5 b5 18. axb6 Rxb6 19. Nc4 Rb4 20. Na5 Ne5 21. Nc6 Qh4 22. f3 Nxc6 23. dxc6 Be5 24. f4 Bxc3 25. Qxc3 Rbxe4 26. Rf3 Kh7 27. Rd1 Qe7 28. Bf2 Bf5 29. c7 Re6 30. Rg3 Rg6 31. Rd5 Be4 32. Rxh5 Qxc7 33. f5 Rxg3 34. Bxg3 Re5 35. Qd2 1-0

[Event "Bucharest Grand Prix op"]
[Site "Bucharest"]
[Date "2024.03.24"]
[Round "6"]
[White "Motylev, Alexander"]
[Black "Secheres, Adrian Simion"]
[Result "1-0"]
[WhiteElo "2611"]
[BlackElo "2371"]
[PlyCount "43"]
[EventDate "2024.03.23"]
[EventType "swiss (rapid)"]
[EventRounds "10"]
[EventCountry "ROU"]
[SourceTitle "CB13_2024"]
[SourceDate "2024.03.27"]
[SourceVersion "1"]
[SourceVersionDate "2024.03.27"]
[SourceQuality "1"]

1. e4 Nc6 2. Nf3 d6 3. d4 Nf6 4. Nc3 g6 5. d5 Nb8 6. h3 Bg7 7. Bc4 0-0 8. 0-0 c6 9. a4 Qc7 10. Qe2 Nbd7 11. Re1 Nc5 12. dxc6 bxc6 13. e5 dxe5 14. Qxe5 Qxe5 15. Nxe5 Bb7 16. a5 a6 17. Bg5 Rad8 18. Ra3 Ncd7 19. Nxf7 Rxf7 20. Rxe7 Rdf8 21. Bxf6 Nxf6 22. Rxb7 1-0

[Event "Bucharest Grand Prix op"]
[Site "Bucharest"]
[Date "2024.03.24"]
[Round "7"]
[White "Secheres, Adrian Simion"]
[Black "Bologan, Viktor"]
[Result "1-0"]
[WhiteElo "2371"]
[BlackElo "2594"]
[PlyCount "67"]
[EventDate "2024.03.23"]
[EventType "swiss (rapid)"]
[EventRounds "10"]
[EventCountry "ROU"]
[SourceTitle "CB13_2024"]
[SourceDate "2024.03.27"]
[SourceVersion "1"]
[SourceVersionDate "2024.03.27"]
[SourceQuality "1"]

1. d4 d6 2. Nf3 Nf6 3. g3 g6 4. Bg2 Bg7 5. 0-0 0-0 6. Re1 Nbd7 7. e4 e5 8. Nc3 c6 9. a4 b6 10. b3 Re8 11. Ba3 Qc7 12. Qd2 a6 13. Rad1 b5 14. dxe5 dxe5 15. Bd6 Qb6 16. b4 Bb7 17. a5 Qa7 18. Bh3 c5 19. Nd5 Bxd5 20. exd5 e4 21. Ng5 h6 22. Nxf7 Kxf7 23. Be6+ Rxe6 24. dxe6+ Kxe6 25. Rxe4+ Kf7 26. Re7+ Kg8 27. Bxc5 Qb7 28. Rxd7 Nxd7 29. Qxd7 Qxd7 30. Rxd7 Bf8 31. Rc7 Bxc5 32. Rxc5 Kf7 33. Rc6 h5 34. h4 1-0

[Event "Bucharest Grand Prix op"]
[Site "Bucharest"]
[Date "2024.03.24"]
[Round "5"]
[White "Secheres, Adrian Simion"]
[Black "Gavrilescu, David"]
[Result "1-0"]
[WhiteElo "2371"]
[BlackElo "2524"]
[PlyCount "65"]
[EventDate "2024.03.23"]
[EventType "swiss (rapid)"]
[EventRounds "10"]
[EventCountry "ROU"]
[SourceTitle "CB13_2024"]
[SourceDate "2024.03.27"]
[SourceVersion "1"]
[SourceVersionDate "2024.03.27"]
[SourceQuality "1"]

1. d4 Nf6 2. c4 e6 3. Nf3 d5 4. Nc3 Bb4 5. a3 Bxc3+ 6. bxc3 c5 7. a4 Qa5 8. e3 0-0 9. Qc2 Nc6 10. dxc5 dxc4 11. Bxc4 Qxc5 12. Be2 Rd8 13. Ba3 Qa5 14. 0-0 e5 15. Rab1 Qc7 16. Qb2 Bg4 17. h3 Bxf3 18. Bxf3 e4 19. Be2 b6 20. Rfd1 h6 21. Bb5 Rac8 22. Qe2 Ne5 23. Bb2 Ne8 24. Rd4 Nd6 25. Ba6 Rb8 26. Rbd1 Nc6 27. Rd5 Ne7 28. R5d2 Nb7 29. Ba3 Rxd2 30. Rxd2 Nc5 31. Bb5 Rd8 32. Rd4 Rxd4 33. exd4 1-0

[Event "Bucharest Grand Prix op"]
[Site "Bucharest"]
[Date "2024.03.24"]
[Round "10"]
[White "Secheres, Adrian Simion"]
[Black "Lupulescu, Constantin"]
[Result "1/2-1/2"]
[WhiteElo "2371"]
[BlackElo "2579"]
[PlyCount "83"]
[EventDate "2024.03.23"]
[EventType "swiss (rapid)"]
[EventRounds "10"]
[EventCountry "ROU"]
[SourceTitle "CB13_2024"]
[SourceDate "2024.03.27"]
[SourceVersion "1"]
[SourceVersionDate "2024.03.27"]
[SourceQuality "1"]

1. d4 Nf6 2. c4 e6 3. Nf3 d5 4. Nc3 Nbd7 5. Bf4 Bb4 6. cxd5 exd5 7. e3 c6 8. Bd3 Nh5 9. Bg5 Be7 10. Bxe7 Qxe7 11. 0-0 0-0 12. Rb1 Nb6 13. Ne5 g6 14. b4 a6 15. a4 Ng7 16. b5 axb5 17. axb5 c5 18. Ra1 Bf5 19. Bxf5 Nxf5 20. Re1 cxd4 21. exd4 Qb4 22. Rc1 Rfc8 23. Qf3 Ra3 24. Nxd5 Rxc1 25. Rxc1 Qb2 26. Nf6+ Kg7 27. Qf4 Ra1 28. Rf1 Qb1 29. Nh5+ Kf8 30. Ng3 Nd5 31. Qf3 Qa2 32. h3 Kg7 33. Nxf5+ gxf5 34. Rxa1 Qxa1+ 35. Kh2 Qxd4 36. Qxf5 Qf4+ 37. Qxf4 Nxf4 38. Kg3 Nd5 39. Nd7 b6 40. Kf3 Nc7 41. Nxb6 Nxb5 42. Ke4 1/2-1/2

[Event "Bucharest Grand Prix op"]
[Site "Bucharest"]
[Date "2024.03.23"]
[Round "3"]
[White "Secheres, Adrian Simion"]
[Black "Tanasie, Cosmin"]
[Result "1-0"]
[WhiteElo "2371"]
[BlackElo "2009"]
[PlyCount "58"]
[EventDate "2024.03.23"]
[EventType "swiss (rapid)"]
[EventRounds "10"]
[EventCountry "ROU"]
[SourceTitle "CB13_2024"]
[SourceDate "2024.03.27"]
[SourceVersion "1"]
[SourceVersionDate "2024.03.27"]
[SourceQuality "1"]

1. d4 c5 2. d5 e5 3. e4 d6 4. Bb5+ Nd7 5. a4 Be7 6. Nf3 Ngf6 7. Nc3 0-0 8. 0-0 Ne8 9. Bd3 g6 10. Ra3 Ng7 11. Nd2 Bg5 12. g3 f5 13. f4 exf4 14. Nf3 Ne5 15. Nxg5 Qxg5 16. Bxf4 Qe7 17. Bh6 Ng4 18. Bd2 Qe5 19. Nb5 Nh5 20. Be2 a6 21. Bxg4 fxg4 22. Rxf8+ Kxf8 23. Qf1+ Kg8 24. Nc7 Rb8 25. Rb3 Bd7 26. Qc4 b5 27. Qe2 Nf6 28. Bf4 Qd4+ 29. Kg2 Nxe4 1-0

[Event "ROM-ch"]
[Site "Eforie Nord"]
[Date "2024.02.28"]
[Round "6"]
[White "Secheres, Adrian Simion"]
[Black "Sava, Robert Gabriel"]
[Result "1-0"]
[WhiteElo "2371"]
[BlackElo "2053"]
[PlyCount "73"]
[EventDate "2024.02.24"]
[EventType "swiss"]
[EventRounds "9"]
[EventCountry "ROU"]
[SourceTitle "CB10_2024"]
[SourceDate "2024.03.06"]
[SourceVersion "1"]
[SourceVersionDate "2024.03.06"]
[SourceQuality "1"]

1. d4 Nf6 2. c4 e6 3. Nc3 Bb4 4. Qc2 b6 5. e4 c5 6. d5 Qe7 7. Nge2 exd5 8. exd5 0-0 9. Bd2 d6 10. f3 Nbd7 11. 0-0-0 Ne5 12. Ng3 a6 13. f4 Ng6 14. Re1 Qc7 15. h4 h5 16. Be2 Bg4 17. Bxg4 Nxg4 18. Nxh5 b5 19. Qf5 Nf2 20. Rhf1 Nxh4 21. Qc2 Ng4 22. Rh1 Ng6 23. Qf5 Nf2 24. Rhf1 Nh4 25. Qg5 Nd3+ 26. Kb1 Ng6 27. Ne4 f5 28. Nef6+ Rxf6 29. Nxf6+ Kf7 30. Qxf5 gxf6 31. Re6 Qd8 32. Rh1 Nf8 33. Qh5+ Kg7 34. Re3 Nxf4 35. Rg3+ N4g6 36. Bh6+ Kf7 37. Bxf8 1-0

[Event "ROM-ch"]
[Site "Eforie Nord"]
[Date "2024.02.26"]
[Round "4"]
[White "Secheres, Adrian Simion"]
[Black "Maksimov, Oleg"]
[Result "1-0"]
[WhiteElo "2371"]
[BlackElo "2186"]
[PlyCount "103"]
[EventDate "2024.02.24"]
[EventType "swiss"]
[EventRounds "9"]
[EventCountry "ROU"]
[SourceTitle "CB10_2024"]
[SourceDate "2024.03.06"]
[SourceVersion "1"]
[SourceVersionDate "2024.03.06"]
[SourceQuality "1"]

1. d4 Nf6 2. c4 d6 3. Nf3 Bg4 4. h3 Bxf3 5. exf3 g6 6. Be2 Bg7 7. 0-0 0-0 8. Nc3 Nbd7 9. f4 c6 10. Qc2 d5 11. f5 dxc4 12. fxg6 hxg6 13. Bxc4 Nb6 14. Bb3 Nbd5 15. Rd1 Qd6 16. Bg5 e6 17. Re1 Rfe8 18. Rad1 Rac8 19. Bh4 Qd7 20. Nb1 Ne7 21. Bg3 Nf5 22. Be5 Nd5 23. Qe4 Rcd8 24. Nd2 Nf6 25. Qb1 Qe7 26. Nf3 Nd5 27. Qe4 Nf6 28. Qe2 Nd5 29. Qc2 Nh4 30. Nh2 Bxe5 31. dxe5 Nf4 32. g3 Nxh3+ 33. Kh1 Nf5 34. Kg2 Ng5 35. Ng4 Kg7 36. Qc1 Rxd1 37. Rxd1 Ne4 38. Qf4 Nc5 39. Nf6 Rh8 40. Bc2 a5 41. Qg5 Kf8 42. g4 Ng7 43. Rd4 Ne8 44. a3 a4 45. Bxa4 Nc7 46. b4 Nxa4 47. Rd7 Qxd7 48. Nxd7+ Ke8 49. Nf6+ Kf8 50. Qd2 Nd5 51. Nxd5 exd5 52. Qc2 1-0

[Event "ROM GP KO final"]
[Site "Alba Iulia"]
[Date "2023.12.05"]
[Round "1.1"]
[White "Serban, Cristian Stefan"]
[Black "Secheres, Adrian Simion"]
[Result "0-1"]
[WhiteElo "2309"]
[BlackElo "2371"]
[PlyCount "100"]
[EventDate "2023.12.05"]
[EventType "k.o."]
[EventRounds "3"]
[EventCountry "ROU"]
[SourceTitle "CB50_2023"]
[SourceDate "2023.12.13"]
[SourceVersion "1"]
[SourceVersionDate "2023.12.13"]
[SourceQuality "1"]

1. d4 Nf6 2. c4 g6 3. Nc3 Bg7 4. e4 d6 5. Nf3 0-0 6. Be2 e5 7. 0-0 Na6 8. Be3 Qe7 9. Qc2 Nb4 10. Qb1 exd4 11. Nxd4 c5 12. Nc2 Re8 13. f3 Be6 14. Rd1 Nh5 15. g4 Nxc2 16. Qxc2 Bd4 17. Qd2 Bxe3+ 18. Qxe3 Ng7 19. Qf4 Red8 20. Rd2 Rd7 21. Rad1 Ne8 22. Bf1 a6 23. a4 b6 24. g5 Rad8 25. h4 Ng7 26. Qh2 f6 27. Nd5 Bxd5 28. Rxd5 fxg5 29. hxg5 Ne6 30. Qg3 Nd4 31. Re1 Rf8 32. Bg2 Rdd8 33. Re3 Nf5 34. Rxf5 gxf5 35. Qh4 Qe5 36. Re2 f4 37. Rd2 Rf7 38. Bh3 Rg7 39. Bf5 Rf8 40. Kh2 Qe7 41. Rg2 Qe5 42. g6 hxg6 43. Bxg6 Qf6 44. Bh7+ Kh8 45. Qxf6 Rxf6 46. Rxg7 Kxg7 47. Bf5 Rf8 48. Kh3 Kf6 49. Kg4 Ke5 50. b3 Rh8 0-1

[Event "ROM GP Final GpD"]
[Site "Alba Iulia"]
[Date "2023.12.04"]
[Round "6"]
[White "Lupulescu, Constantin"]
[Black "Secheres, Adrian Simion"]
[Result "1/2-1/2"]
[WhiteElo "2589"]
[BlackElo "2371"]
[PlyCount "223"]
[EventDate "2023.12.04"]
[EventType "tourn (rapid)"]
[EventRounds "6"]
[EventCountry "ROU"]
[EventCategory "13"]
[SourceTitle "CB49_2023"]
[SourceDate "2023.12.06"]
[SourceVersion "1"]
[SourceVersionDate "2023.12.06"]
[SourceQuality "1"]

1. d4 Nf6 2. c4 g6 3. Nc3 Bg7 4. e4 d6 5. Be2 0-0 6. Be3 Na6 7. h3 c6 8. Nf3 e5 9. d5 Nh5 10. 0-0 Nf4 11. Re1 c5 12. Qd2 Nxe2+ 13. Rxe2 f5 14. exf5 gxf5 15. Bh6 Bd7 16. Bxg7 Kxg7 17. Qg5+ Kh8 18. Qxd8 Raxd8 19. Ne1 Rb8 20. f4 e4 21. a4 Nb4 22. Na2 Nd3 23. Nxd3 exd3 24. Rd2 Bxa4 25. Nc1 Bc2 26. Rxa7 Rfe8 27. Nxd3 Bb3 28. Ra3 Bxc4 29. Rc3 Ba6 30. b4 b6 31. Nf2 Re1+ 32. Kh2 Re2 33. Rcc2 Rxd2 34. Rxd2 Bc4 35. Nd1 Re8 36. bxc5 bxc5 37. Nc3 Re3 38. Nd1 Re4 39. Kg3 Bb3 40. Kf3 Rd4 41. Rxd4 cxd4 42. Nb2 Bxd5+ 43. Kf2 Kg7 44. g4 Kf6 45. Nd3 Bc4 46. Ke2 Bd5 47. Ne1 Be4 48. Nf3 d3+ 49. Ke3 d2 50. Nxd2 Bg2 51. g5+ Kg6 52. h4 Kh5 53. Nc4 Kxh4 54. Nxd6 Bh3 55. Kd4 Kh5 56. Nf7 Kg6 57. Nh6 Bg2 58. Ke5 Be4 59. Ng8 Bb1 60. Ne7+ Kg7 61. Nxf5+ Kf7 62. Nh4 Kg7 63. f5 Ba2 64. Kf4 Bb3 65. Nf3 Ba2 66. Ne5 Bb1 67. Kg4 Bc2 68. f6+ Kg8 69. Kh5 Bb1 70. Kh6 Bc2 71. Nc6 Kf7 72. Nd4 Bg6 73. Nf3 Be4 74. Ne5+ Kg8 75. Kh5 Bf5 76. Kh4 Kf8 77. Kg3 Kg8 78. Ng4 Bc2 79. Nh6+ Kf8 80. Kf4 Bb1 81. Ke5 Bc2 82. Kd6 Bb1 83. Ng4 Bf5 84. Ne5 Bc2 85. Kd7 Bb1 86. Kd8 Bc2 87. Kc7 Bb1 88. Kd6 Bc2 89. Nc6 Kf7 90. Ne5+ Kf8 91. Ke6 Bb3+ 92. Kf5 Bc2+ 93. Kf4 Bb1 94. Ng4 Bc2 95. Nh6 Bb1 96. Ke5 Bc2 97. Kd6 Bb1 98. Ng4 Kf7 99. Ne5+ Kf8 100. Kd7 Bc2 101. Ke6 Bb3+ 102. Kf5 Bc2+ 103. Kg4 Bb1 104. Kh5 Bc2 105. Kh6 Kg8 106. f7+ Kf8 107. Nd7+ Kxf7 108. Nf6 Kf8 109. Nxh7+ Kg8 110. Nf6+ Kh8 111. g6 Bxg6 112. Kxg6 1/2-1/2

[Event "ROM GP Final GpD"]
[Site "Alba Iulia"]
[Date "2023.12.04"]
[Round "5"]
[White "Secheres, Adrian Simion"]
[Black "Deac, Bogdan Daniel"]
[Result "1/2-1/2"]
[WhiteElo "2371"]
[BlackElo "2690"]
[PlyCount "73"]
[EventDate "2023.12.04"]
[EventType "tourn (rapid)"]
[EventRounds "6"]
[EventCountry "ROU"]
[EventCategory "13"]
[SourceTitle "CB49_2023"]
[SourceDate "2023.12.06"]
[SourceVersion "1"]
[SourceVersionDate "2023.12.06"]
[SourceQuality "1"]

1. d4 Nf6 2. c4 e6 3. Nf3 b6 4. g3 Bb7 5. Bg2 g6 6. 0-0 Bg7 7. Nc3 Ne4 8. Qd3 Nxc3 9. Qxc3 d6 10. Bg5 Qc8 11. Qd2 h6 12. Be3 Nd7 13. Rac1 Qd8 14. Rfd1 Nf6 15. b4 Be4 16. h3 Qe7 17. a4 Rb8 18. b5 g5 19. a5 0-0 20. Ra1 Rfd8 21. Rdc1 e5 22. axb6 axb6 23. Ra7 Ra8 24. Rca1 Qe8 25. Rxa8 Rxa8 26. Rxa8 Qxa8 27. dxe5 dxe5 28. Qc1 Nd7 29. h4 f6 30. Bh3 Nf8 31. hxg5 hxg5 32. Nd2 Bb7 33. Bf5 Bc8 34. Be4 Bb7 35. Bf5 Bc8 36. Be4 Bb7 37. Bf5 1/2-1/2

[Event "ROM-chT Rapid"]
[Site "Sebes"]
[Date "2023.12.02"]
[Round "7.6"]
[White "Magold, Filip"]
[Black "Secheres, Adrian Simion"]
[Result "1/2-1/2"]
[WhiteElo "2382"]
[BlackElo "2371"]
[PlyCount "92"]
[EventDate "2023.12.02"]
[EventType "team-swiss (rapid)"]
[EventRounds "8"]
[EventCountry "ROU"]
[SourceTitle "CB49_2023"]
[SourceDate "2023.12.06"]
[SourceVersion "1"]
[SourceVersionDate "2023.12.06"]
[SourceQuality "1"]
[WhiteTeam "Dinamo"]
[BlackTeam "Timisoara"]
[WhiteTeamCountry "ROU"]
[BlackTeamCountry "ROU"]

1. e4 Nc6 2. Nf3 d6 3. d4 Nf6 4. Nc3 g6 5. Be2 Bg7 6. 0-0 0-0 7. h3 e5 8. dxe5 Nxe5 9. Nxe5 dxe5 10. Be3 c6 11. Qc1 Be6 12. Bc5 Re8 13. Rd1 Nd7 14. a4 a5 15. Qe3 Qh4 16. Bd6 Bh6 17. Qf3 Bf8 18. Bf1 Rad8 19. Bxf8 Rxf8 20. Qe3 Qe7 21. Rd2 Qc5 22. Rad1 Qxe3 23. fxe3 Rfe8 24. Bc4 Bxc4 25. Rxd7 Rxd7 26. Rxd7 Rb8 27. b3 Be6 28. Rd2 Kf8 29. Nd1 Ke7 30. Nb2 b5 31. Kf2 f6 32. Ke1 h5 33. h4 Rg8 34. Nd3 bxa4 35. bxa4 Rb8 36. Rd1 Bg4 37. Ra1 Kd6 38. Kd2 Be6 39. Kc3 Ke7 40. Kd2 Kd6 41. Rd1 Ke7 42. Kc3 Rb6 43. Rf1 Rb8 44. Ra1 Kd6 45. Rf1 Ke7 46. Ra1 Kd6 1/2-1/2

[Event "ROM-chT Rapid"]
[Site "Sebes"]
[Date "2023.12.02"]
[Round "6.10"]
[White "Secheres, Adrian Simion"]
[Black "Marcu, Alin"]
[Result "1-0"]
[WhiteElo "2371"]
[BlackElo "2024"]
[PlyCount "67"]
[EventDate "2023.12.02"]
[EventType "team-swiss (rapid)"]
[EventRounds "8"]
[EventCountry "ROU"]
[SourceTitle "CB49_2023"]
[SourceDate "2023.12.06"]
[SourceVersion "1"]
[SourceVersionDate "2023.12.06"]
[SourceQuality "1"]
[WhiteTeam "Timisoara"]
[BlackTeam "Cluj Napoca"]
[WhiteTeamCountry "ROU"]
[BlackTeamCountry "ROU"]

1. d4 d5 2. c4 c6 3. Nc3 Nf6 4. Nf3 dxc4 5. e4 b5 6. Be2 Bb7 7. 0-0 e6 8. Rb1 Nbd7 9. a3 a6 10. b3 cxb3 11. e5 Nd5 12. Nxd5 cxd5 13. Rxb3 Nb6 14. Ng5 Be7 15. Rg3 Rc8 16. Bd3 g6 17. Qf3 Bxg5 18. Bxg5 Qd7 19. Bf6 Rg8 20. Qf4 Rc4 21. Qh6 Rxd4 22. Qxh7 Rf8 23. Rxg6 Qc7 24. Rg8 Qc5 25. Bg6 fxg6 26. Qxg6+ Kd7 27. Qg7+ Ke8 28. Rxf8+ Qxf8 29. Qxb7 Qc5 30. Qg7 Nc4 31. Qg8+ Kd7 32. Qd8+ Kc6 33. Qc8+ Kb6 34. Bd8+ 1-0

[Event "ROM-chT Rapid"]
[Site "Sebes"]
[Date "2023.12.02"]
[Round "1.6"]
[White "Secheres, Adrian Simion"]
[Black "Sandru, Nicolae"]
[Result "1-0"]
[WhiteElo "2371"]
[BlackElo "1635"]
[PlyCount "101"]
[EventDate "2023.12.02"]
[EventType "team-swiss (rapid)"]
[EventRounds "8"]
[EventCountry "ROU"]
[SourceTitle "CB49_2023"]
[SourceDate "2023.12.06"]
[SourceVersion "1"]
[SourceVersionDate "2023.12.06"]
[SourceQuality "1"]
[WhiteTeam "Timisoara"]
[BlackTeam "Alba Iulia Unirea II"]
[WhiteTeamCountry "ROU"]
[BlackTeamCountry "ROU"]

1. Nf3 d5 2. g3 Nf6 3. Bg2 Bf5 4. 0-0 e6 5. d3 c6 6. Nbd2 h6 7. b3 Be7 8. Bb2 0-0 9. Qe1 Re8 10. e4 Bh7 11. Qe2 Na6 12. a3 Nc7 13. e5 Nd7 14. h4 a5 15. a4 Na6 16. Ne1 Qc7 17. f4 Nb4 18. c3 Na6 19. Kh2 c5 20. Bc1 Rac8 21. Ndf3 Nab8 22. g4 c4 23. bxc4 dxc4 24. d4 Nb6 25. g5 hxg5 26. Nxg5 Bf5 27. Be4 Bxg5 28. fxg5 g6 29. h5 N8d7 30. Ba3 Nxe5 31. Kg1 Ng4 32. Bf3 Qg3+ 33. Qg2 Qxg2+ 34. Nxg2 gxh5 35. Bxb7 Rc7 36. Bf3 Bd3 37. Rfe1 Rcc8 38. Nf4 Bg6 39. Bc5 Nd7 40. Bd6 e5 41. Bxg4 hxg4 42. dxe5 Nc5 43. Nd5 Nd3 44. Nf6+ Kh8 45. Re2 Red8 46. Nxg4 Kg7 47. Be7 Rd5 48. Bf6+ Kg8 49. Rh2 Bh7 50. Nh6+ Kf8 51. Nf5 1-0

[Event "ROM-chT Rapid"]
[Site "Sebes"]
[Date "2023.12.02"]
[Round "5.6"]
[White "Sfarlog, Tudor Vlad"]
[Black "Secheres, Adrian Simion"]
[Result "1/2-1/2"]
[WhiteElo "2283"]
[BlackElo "2371"]
[PlyCount "72"]
[EventDate "2023.12.02"]
[EventType "team-swiss (rapid)"]
[EventRounds "8"]
[EventCountry "ROU"]
[SourceTitle "CB49_2023"]
[SourceDate "2023.12.06"]
[SourceVersion "1"]
[SourceVersionDate "2023.12.06"]
[SourceQuality "1"]
[WhiteTeam "Alba Iulia Unirea"]
[BlackTeam "Timisoara"]
[WhiteTeamCountry "ROU"]
[BlackTeamCountry "ROU"]

1. Nf3 g6 2. c4 Bg7 3. Nc3 Nf6 4. g3 0-0 5. Bg2 d6 6. 0-0 Nc6 7. d3 e5 8. Rb1 a5 9. a3 h6 10. b4 axb4 11. axb4 Be6 12. Nd2 Qd7 13. b5 Nd8 14. Bb2 Bh3 15. Ra1 Rb8 16. Ra7 Bxg2 17. Kxg2 Ne6 18. e4 Nh5 19. Nd5 Qd8 20. Nb3 c6 21. bxc6 bxc6 22. Ne7+ Kh7 23. Nxc6 Qb6 24. Nxb8 Qxa7 25. Nc6 Qd7 26. Nb4 Ng5 27. Bc1 Qh3+ 28. Kg1 Nf4 29. Bxf4 exf4 30. Nd5 Be5 31. Nd2 fxg3 32. fxg3 Bxg3 33. hxg3 Qxg3+ 34. Kh1 Qh3+ 35. Kg1 Qg3+ 36. Kh1 Qh3+ 1/2-1/2

[Event "Sebes GP op"]
[Site "Sebes"]
[Date "2023.11.04"]
[Round "3"]
[White "Caraba, Alexandru"]
[Black "Secheres, Adrian Simion"]
[Result "0-1"]
[WhiteElo "1920"]
[BlackElo "2381"]
[PlyCount "72"]
[EventDate "2023.11.04"]
[EventType "swiss"]
[EventRounds "10"]
[EventCountry "ROU"]
[SourceTitle "CB46_2023"]
[SourceDate "2023.11.15"]
[SourceVersion "1"]
[SourceVersionDate "2023.11.15"]
[SourceQuality "1"]

1. c4 Nf6 2. Nf3 g6 3. b3 Bg7 4. Bb2 0-0 5. g3 d6 6. Bg2 e5 7. d3 Nc6 8. 0-0 h6 9. Nbd2 Re8 10. a3 a5 11. e3 Bf5 12. e4 Bd7 13. Qc2 Nh7 14. c5 dxc5 15. Qxc5 Nf8 16. b4 Ne6 17. Qc3 Ned4 18. Kh1 Be6 19. Nc4 Nxf3 20. Bxf3 axb4 21. axb4 Rxa1 22. Rxa1 Qf6 23. Bg2 Qxf2 24. Rf1 Qd4 25. Qa3 Qd7 26. Na5 Nd8 27. Rc1 h5 28. Qc3 c6 29. Nb3 h4 30. Nc5 Qe7 31. b5 hxg3 32. hxg3 cxb5 33. Nxe6 Nxe6 34. Ba3 Qg5 35. Kh2 Nd4 36. Re1 Qh5+ 0-1

[Event "ROM-chT"]
[Site "Eforie Nord"]
[Date "2023.09.28"]
[Round "8.4"]
[White "Balog, Imre1111"]
[Black "Secheres, Adrian Simion"]
[Result "1-0"]
[WhiteElo "2622"]
[BlackElo "2381"]
[PlyCount "55"]
[EventDate "2023.09.21"]
[EventType "team-tourn"]
[EventRounds "9"]
[EventCountry "ROU"]
[SourceTitle "EXT 2024"]
[Source "ChessBase"]
[SourceDate "2023.10.10"]
[SourceVersion "1"]
[SourceVersionDate "2023.10.10"]
[SourceQuality "1"]
[WhiteTeam "Arad Vados"]
[BlackTeam "Timisoara Vest Univ"]
[WhiteTeamCountry "ROU"]
[BlackTeamCountry "ROU"]

1. d4 Nf6 2. c4 g6 3. Nc3 Bg7 4. g3 0-0 5. Bg2 d6 6. Nf3 Nc6 7. 0-0 e5 8. d5 Nb8 9. e4 a5 10. a3 Na6 11. b4 h6 12. Rb1 Nd7 13. Qc2 Qe8 14. Re1 b6 15. Bd2 axb4 16. axb4 Qd8 17. Nb5 Ndb8 18. Rb3 f5 19. Nh4 Qf6 20. exf5 gxf5 21. f4 Nd7 22. Bh3 exf4 23. Re6 Qf7 24. Nxf5 Ne5 25. gxf4 Nxb4 26. Bxb4 Ra1+ 27. Kg2 Bxe6 28. Nxh6+ 1-0

[Event "Arad op 16th"]
[Site "Arad"]
[Date "2023.08.08"]
[Round "3"]
[White "Pichot, Alan"]
[Black "Secheres, Adrian Simion"]
[Result "1-0"]
[WhiteElo "2642"]
[BlackElo "2371"]
[PlyCount "115"]
[EventDate "2023.08.07"]
[EventType "swiss"]
[EventRounds "9"]
[EventCountry "ROU"]
[SourceTitle "EXT 2024"]
[Source "ChessBase"]
[SourceDate "2023.10.10"]
[SourceVersion "1"]
[SourceVersionDate "2023.10.10"]
[SourceQuality "1"]

1. e4 e5 2. Nf3 Nc6 3. Bc4 Nf6 4. d3 Be7 5. 0-0 0-0 6. a4 d5 7. exd5 Nxd5 8. h3 Kh8 9. Re1 f6 10. Nbd2 Na5 11. Ba2 c5 12. Ne4 Nc6 13. c3 Be6 14. d4 cxd4 15. cxd4 Nxd4 16. Nxd4 exd4 17. Qxd4 Bg8 18. Rd1 Nb4 19. Bxg8 Rxg8 20. Qd7 Re8 21. Bf4 Qb6 22. a5 Qa6 23. Nd6 Bxd6 24. Rxd6 Qc4 25. Rd4 Qc6 26. Rc1 Qxd7 27. Rxd7 Rad8 28. Rxb7 Nd3 29. Rc4 Re1+ 30. Kh2 Nxf2 31. Rd4 Rde8 32. Rb8 g5 33. Bc7 Kg7 34. Rxe8 Rxe8 35. b4 Re1 36. b5 f5 37. Kg3 Ne4+ 38. Kf3 Rf1+ 39. Ke3 Re1+ 40. Kf3 Rf1+ 41. Ke2 Rb1 42. b6 axb6 43. axb6 Kf6 44. Kd3 Ke6 45. Kc4 h5 46. g4 hxg4 47. hxg4 Rc1+ 48. Kb5 Rb1+ 49. Kc6 Rc1+ 50. Kb7 Nc5+ 51. Kc8 Na6 52. Rd6+ Ke7 53. Rd7+ Kf6 54. b7 Nxc7 55. Rxc7 Rb1 56. Rc6+ Ke5 57. Rc5+ Kf4 58. gxf5 1-0

[Event "Timisoara Foisor Memorial Rapid"]
[Site "Timisoara"]
[Date "2023.08.06"]
[Round "7"]
[White "Secheres, Adrian Simion"]
[Black "Moroni, Luca Jr"]
[Result "0-1"]
[WhiteElo "2371"]
[BlackElo "2573"]
[PlyCount "58"]
[EventDate "2023.08.05"]
[EventType "swiss (rapid)"]
[EventRounds "10"]
[EventCountry "ROU"]
[SourceTitle "CBM 215 Extra"]
[Source "ChessBase"]
[SourceDate "2023.09.30"]
[SourceVersion "1"]
[SourceVersionDate "2023.09.30"]
[SourceQuality "1"]

1. d4 g6 2. e4 Bg7 3. Nc3 a6 4. Be3 b5 5. Bd3 Bb7 6. a4 b4 7. Nce2 Nf6 8. f3 d5 9. e5 Nfd7 10. Nh3 e6 11. 0-0 c5 12. c3 Nc6 13. f4 bxc3 14. bxc3 cxd4 15. cxd4 Nb4 16. Rb1 a5 17. Bb5 0-0 18. Qd2 Nb6 19. f5 exf5 20. Bg5 f6 21. Bh4 Nc4 22. Qc3 g5 23. exf6 Bxf6 24. Qg3 Nd2 25. Nxg5 Kh8 26. Rxf5 Qe7 27. Re1 Ne4 28. Qg4 Bc8 29. Ng3 Bxd4+ 0-1

[Event "Brasov GP RO"]
[Site "Brasov"]
[Date "2023.07.22"]
[Round "9"]
[White "Schitco, Ivan"]
[Black "Secheres, Adrian Simion"]
[Result "1-0"]
[WhiteElo "2507"]
[BlackElo "2370"]
[PlyCount "137"]
[EventDate "2023.07.16"]
[EventType "swiss"]
[EventRounds "9"]
[EventCountry "ROU"]
[SourceTitle "CBM 215 Extra"]
[Source "ChessBase"]
[SourceDate "2023.09.30"]
[SourceVersion "1"]
[SourceVersionDate "2023.09.30"]
[SourceQuality "1"]

1. d4 Nf6 2. Nf3 g6 3. Nbd2 Bg7 4. e4 d6 5. Bb5+ c6 6. Bd3 0-0 7. 0-0 Qc7 8. c3 e5 9. dxe5 dxe5 10. a4 Rd8 11. Qc2 Nbd7 12. Re1 Nc5 13. Bf1 b6 14. Nc4 Ne8 15. Bg5 f6 16. Be3 Bf8 17. b4 Nb7 18. a5 b5 19. Nb2 Be6 20. a6 Nbd6 21. c4 bxc4 22. Nxc4 Nb5 23. Na5 Bxb4 24. Qxc6 Nbd6 25. Qxc7 Nxc7 26. Rec1 Bxa5 27. Rxa5 Rd7 28. Rac5 Nce8 29. Rc6 Kf7 30. Nd2 Rb8 31. R1c5 Rb2 32. f3 Ra2 33. Rc2 Ra1 34. Rc1 Ra3 35. R6c3 Rxc3 36. Rxc3 Ke7 37. Nb3 Rc7 38. Nc5 Nc8 39. Ra3 Ned6 40. Ra4 Bf7 41. Rb4 Nb6 42. Nd3 Nd7 43. Rb1 Nc4 44. Rc1 Kd8 45. Bf2 Ncb6 46. Rd1 Kc8 47. g3 Bb3 48. Ra1 Bc4 49. Ra3 Kb8 50. Bh3 Rc6 51. Nb4 Rd6 52. Ra1 Be2 53. Kg2 Rd1 54. Rxd1 Bxd1 55. Be6 Be2 56. f4 Bb5 57. Be3 Kc7 58. Bg8 h6 59. fxe5 fxe5 60. Bxh6 Nc5 61. Bf7 Nxa6 62. Nxa6+ Bxa6 63. Bxg6 Bc4 64. h4 Nd7 65. h5 a5 66. Bd2 a4 67. h6 Nf8 68. Bf5 Bg8 69. Bc3 1-0